Catálogo de la Biblioteca Horacio González - Universidad Nacional de General Sarmiento

Los imperdonables (Registro nro. 54875)

Detalles MARC
000 -CABECERA
campo de control de longitud fija 01256ngm a22002530a 4500
001 - NÚMERO DE CONTROL
campo de control PT35347
003 - IDENTIFICADOR DEL NÚMERO DE CONTROL
campo de control AR-LpoUNG
005 - FECHA Y HORA DE LA ÚLTIMA TRANSACCIÓN
campo de control 20210202000444.0
007 - CAMPO FIJO DE DESCRIPCIÓN FÍSICA--INFORMACIÓN GENERAL
campo de control de longitud fija vd cvaizq
008 - DATOS DE LONGITUD FIJA--INFORMACIÓN GENERAL
campo de control de longitud fija 191001s1993||||ag |||||||||||||||||spa d
040 ## - FUENTE DE LA CATALOGACIÓN
Centro catalogador/agencia de origen AR-LpoUNG
Lengua de catalogación spa
Centro/agencia transcriptor AR-LpoUNG
Normas de descripción aacr
041 ## - CÓDIGO DE LENGUA
Código de lengua del texto/banda sonora o título independiente spa
044 ## - CÓDIGO DEL PAÍS DE LA ENTIDAD EDITORA/PRODUCTORA
Código MARC del país ag
082 0# - NÚMERO DE LA CLASIFICACIÓN DECIMAL DEWEY
Número de clasificación 819.3 13imp
100 1# - ENTRADA PRINCIPAL--NOMBRE DE PERSONA
Nombre de persona Eastwood, Clint
Término indicativo de función/relación dir.
245 14 - MENCIÓN DE TÍTULO
Título Los imperdonables
260 ## - PUBLICACIÓN, DISTRIBUCIÓN, ETC.
Lugar de publicación, distribución, etc. San Luis :
Nombre del editor, distribuidor, etc. AVH,
Fecha de publicación, distribución, etc. 1993.
300 ## - DESCRIPCIÓN FÍSICA
Extensión VHS (131 min.) : son., col.
520 ## - SUMARIO, ETC.
Sumario, etc. Relata la historia de William Munny (Clint Eastwood), un pistolero viejo, viudo y acabado, que tiene dificultades para mantener a sus hijos. A pesar de estar retirado de su antigua vida como cruel forajido, se le presenta la oportunidad de sacar adelante a su familia haciendo un último trabajo, acompañado por un viejo socio y un joven e inexperto novato. La misión consiste en matar a dos hombres que le marcaron la cara a una prostituta. En el pueblo de Big Wiskie existe un alguacil llamado Bill quien abusa de su autoridad y es brutal con los forasteros que portan armas. Bill además controla a un grupo de prostitutas y mantiene a todo el pueblo bajo sus excesos.
653 ## - TÉRMINO DE INDIZACIÓN--NO CONTROLADO
Término no controlado ACCION
653 ## - TÉRMINO DE INDIZACIÓN--NO CONTROLADO
Término no controlado VIDEOS
905 ## - ELEMENTOS DE DATOS E LOCAL, LDE (RLIN)
a 35347
942 ## - ELEMENTOS DE PUNTO DE ACCESO ADICIONAL (KOHA)
Tipo de ítem Koha Video
Existencias
Estado de retiro Estado de pérdida Estado dañado No para préstamo Código de colección Localización permanente Ubicación/localización actual Fecha de adquisición Total de préstamos Signatura topográfica completa Código de barras Fecha visto por última vez Precio válido a partir de Tipo de ítem Koha
        Colección Cine Biblioteca Universidad Nacional de General Sarmiento Biblioteca Universidad Nacional de General Sarmiento 02/02/2021   819.3 13imp 00040419 02/02/2021 02/02/2021 Video